<?xml version="1.0" encoding="UTF-8"?>
<record
    xmlns:xsi="http://www.w3.org/2001/XMLSchema-instance"
    xsi:schemaLocation="http://www.loc.gov/MARC21/slim http://www.loc.gov/standards/marcxml/schema/MARC21slim.xsd"
    xmlns="http://www.loc.gov/MARC21/slim">

  <leader>01125nam a22001937a 4500</leader>
  <datafield tag="999" ind1=" " ind2=" ">
    <subfield code="c">63875</subfield>
    <subfield code="d">63875</subfield>
  </datafield>
  <controlfield tag="003">Ge_BSU</controlfield>
  <controlfield tag="005">20260211115208.0</controlfield>
  <controlfield tag="008">260211s1950    ge ||||| |||| 00| 0 geo d</controlfield>
  <datafield tag="041" ind1=" " ind2=" ">
    <subfield code="a">geo</subfield>
  </datafield>
  <datafield tag="080" ind1=" " ind2=" ">
    <subfield code="a">658.153 &#x10D9;-17</subfield>
  </datafield>
  <datafield tag="100" ind1=" " ind2=" ">
    <subfield code="a">&#x10D9;&#x10D0;&#x10D9;&#x10D0;&#x10D1;&#x10D0;&#x10EB;&#x10D4;, &#x10D0;.</subfield>
    <subfield code="9">26872</subfield>
  </datafield>
  <datafield tag="245" ind1=" " ind2=" ">
    <subfield code="a">&#x10E1;&#x10DD;&#x10EA;&#x10D8;&#x10D0;&#x10DA;&#x10D8;&#x10E1;&#x10E2;&#x10E3;&#x10E0;&#x10D8; &#x10DB;&#x10E0;&#x10D4;&#x10EC;&#x10D5;&#x10D4;&#x10DA;&#x10DD;&#x10D1;&#x10D8;&#x10E1; &#x10E1;&#x10D0;&#x10EC;&#x10D0;&#x10E0;&#x10DB;&#x10DD;&#x10D7;&#x10D0; &#x10E1;&#x10D0;&#x10D1;&#x10E0;&#x10E3;&#x10DC;&#x10D0;&#x10D5;&#x10D8; &#x10E1;&#x10D0;&#x10E8;&#x10E3;&#x10D0;&#x10DA;&#x10D4;&#x10D1;&#x10D0;&#x10DC;&#x10D8; /</subfield>
    <subfield code="c">&#x10D0;. &#x10D9;&#x10D0;&#x10D9;&#x10D0;&#x10D1;&#x10D0;&#x10EB;&#x10D4;; &#x10E1;&#x10D0;&#x10E5;. &#x10E1;&#x10E1;&#x10E0; &#x10DB;&#x10D4;&#x10EA;&#x10DC;. &#x10D0;&#x10D9;&#x10D0;&#x10D3;&#x10D4;&#x10DB;&#x10D8;&#x10D0;. &#x10D4;&#x10D9;&#x10DD;&#x10DC;&#x10DD;&#x10DB;&#x10D8;&#x10D9;&#x10D8;&#x10E1; &#x10D8;&#x10DC;-&#x10E2;&#x10D8;.</subfield>
  </datafield>
  <datafield tag="264" ind1=" " ind2=" ">
    <subfield code="a">&#x10D7;&#x10D1;. :</subfield>
    <subfield code="b"> &#x10E1;&#x10D0;&#x10EE;&#x10D4;&#x10DA;&#x10D2;&#x10D0;&#x10DB;&#x10D8;, &#x10DE;&#x10DD;&#x10DA;&#x10D8;&#x10E2;&#x10DA;&#x10D8;&#x10E2;&#x10D4;&#x10E0;&#x10D0;&#x10E2;&#x10E3;&#x10E0;&#x10D8;&#x10E1; &#x10E1;&#x10D4;&#x10E5;&#x10E2;&#x10DD;&#x10E0;&#x10D8;,</subfield>
    <subfield code="c"> 1950.</subfield>
  </datafield>
  <datafield tag="300" ind1=" " ind2=" ">
    <subfield code="a">88 &#x10D2;&#x10D5;. ; </subfield>
    <subfield code="b">20 &#x10E1;&#x10DB;.</subfield>
  </datafield>
  <datafield tag="504" ind1=" " ind2=" ">
    <subfield code="a">&#x10D1;&#x10D8;&#x10D1;&#x10DA;&#x10D8;&#x10DD;&#x10D2;&#x10E0;&#x10D0;&#x10E4;&#x10D8;&#x10D0;: "&#x10DA;&#x10D8;&#x10E2;-&#x10E0;&#x10D0;", &#x10D2;&#x10D5;. 85-7.</subfield>
  </datafield>
  <datafield tag="653" ind1=" " ind2=" ">
    <subfield code="a">&#x10E1;&#x10D0;&#x10EC;&#x10D0;&#x10E0;&#x10DB;&#x10DD;&#x10D4;&#x10D1;&#x10D8;&#x10E1; &#x10E1;&#x10D0;&#x10D1;&#x10E0;&#x10E3;&#x10DC;&#x10D0;&#x10D5;&#x10D8; &#x10E1;&#x10D0;&#x10E8;&#x10E3;&#x10D0;&#x10DA;&#x10D4;&#x10D1;&#x10D4;&#x10D1;&#x10D8;</subfield>
  </datafield>
  <datafield tag="710" ind1=" " ind2=" ">
    <subfield code="a">&#x10E1;&#x10D0;&#x10E5;. &#x10E1;&#x10E1;&#x10E0; &#x10DB;&#x10D4;&#x10EA;&#x10DC;. &#x10D0;&#x10D9;&#x10D0;&#x10D3;&#x10D4;&#x10DB;&#x10D8;&#x10D0;. &#x10D4;&#x10D9;&#x10DD;&#x10DC;&#x10DD;&#x10DB;&#x10D8;&#x10D9;&#x10D8;&#x10E1; &#x10D8;&#x10DC;-&#x10E2;&#x10D8;.</subfield>
    <subfield code="9">26873</subfield>
  </datafield>
  <datafield tag="942" ind1=" " ind2=" ">
    <subfield code="2">udc</subfield>
    <subfield code="c">&#x1CAC;&#x1C98;&#x1C92;&#x1C9C;&#x1C98;</subfield>
  </datafield>
  <datafield tag="952" ind1=" " ind2=" ">
    <subfield code="0">0</subfield>
    <subfield code="1">0</subfield>
    <subfield code="2">udc</subfield>
    <subfield code="4">0</subfield>
    <subfield code="6">658153_&#x10D9;17</subfield>
    <subfield code="7">0</subfield>
    <subfield code="9">105423</subfield>
    <subfield code="a">CPL</subfield>
    <subfield code="b">CPL</subfield>
    <subfield code="c">GEN</subfield>
    <subfield code="d">2026-02-11</subfield>
    <subfield code="g">0.25</subfield>
    <subfield code="o">658.153 &#x10D9;-17</subfield>
    <subfield code="p">73683</subfield>
    <subfield code="r">2026-02-11</subfield>
    <subfield code="t">73683</subfield>
    <subfield code="w">2026-02-11</subfield>
    <subfield code="y">&#x1CAC;&#x1C98;&#x1C92;&#x1C9C;&#x1C98;</subfield>
    <subfield code="z">0.25 &#x10D7;.</subfield>
  </datafield>
</record>
